Statistiques concernant Mots de la langue française terminés par "asse"

Cliquez ici pour prendre le quiz!

Statistiques générales

  • Ce quiz a été pris 227 fois
  • Le résultat moyen est 18 sur 32

Statistiques - réponses

IndiceMot% Correct
style de nagebrasse
93%
chaussure (familier)godasse
89%
saletécrasse
82%
fatiguéelasse
81%
voie sans issueimpasse
80%
petit récipient à anse ou à oreilles, servant à boiretasse
80%
chevelure mal peignéetignasse
79%
oiseau - femme sottebécasse
78%
grande quantitémasse
76%
mauvais vinvinasse
71%
catégorieclasse
68%
adipeuse - 06130grasse
68%
militairebidasse
66%
ensemble de papiers superposésliasse
65%
piègenasse
63%
ossaturecarcasse
62%
gerçurecrevasse
62%
sirop de canne à sucremélasse
60%
dégâtcasse
59%
ouverturepasse
57%
74100Annemasse
54%
partie postérieure (opposée à la bouche) du canon d'une arme à feuculasse
51%
poursuitechasse
49%
poisson de merrascasse
48%
burlesquecocasse
46%
armurecuirasse
33%
galette cuite au fourfougasse
29%
fibre végétalefilasse
26%
mineraipotasse
22%
oiseau migrateuréchasse
18%
kermesseducasse
16%
grosse grivejocasse
2%

Distribution des résultats

Percentile par nombre de réponses

% des personnes avec chaque résultat

Votre développement - résultats

Vous n’avez pas pris ce quiz